A course in ring theory (Record no. 18559)

MARC details
000 -LEADER
fixed length control field 00535nam a2200205 a 4500
001 - CONTROL NUMBER
control field 156135
003 - CONTROL NUMBER IDENTIFIER
control field OSt
005 - DATE AND TIME OF LATEST TRANSACTION
control field 20210921110640.0
008 - FIXED-LENGTH DATA ELEMENTS--GENERAL INFORMATION
fixed length control field 180425 ### HIN
020 ## - INTERNATIONAL STANDARD BOOK NUMBER
International Standard Book Number 9789380250526
082 ## - DEWEY DECIMAL CLASSIFICATION NUMBER
Classification number 512.4
Item number P26C
100 ## - MAIN ENTRY--PERSONAL NAME
Personal name Passman, Donald
245 ## - TITLE STATEMENT
Title A course in ring theory
Statement of responsibility, etc by Donald Passman
260 ## - PUBLICATION, DISTRIBUTION, ETC. (IMPRINT)
Place of publication, distribution, etc New Delhi
Name of publisher, distributor, etc Hindustan Book Agency
Date of publication, distribution, etc 2013
300 ## - PHYSICAL DESCRIPTION
Extent viii, 306p.
490 ## - SERIES STATEMENT
Series statement Texts and Readings in Mathematic; 68
653 ## - INDEX TERM--UNCONTROLLED
Uncontrolled term Rings (Algebra)
653 ## - INDEX TERM--UNCONTROLLED
Uncontrolled term Rings
942 ## - ADDED ENTRY ELEMENTS (KOHA)
Source of classification or shelving scheme Dewey Decimal Classification
Koha item type Books
Holdings
Withdrawn status Lost status Source of classification or shelving scheme Damaged status Not for loan Collection code Home library Current library Date acquired Source of acquisition Full call number Barcode Date last seen Price effective from Koha item type
    Dewey Decimal Classification     General Text Book Central University Of Rajasthan Central University Of Rajasthan 25/04/2018 MTH 512.4 P26C 30415 02/09/2020 02/09/2020 Books